| 000 | 00757nam a22002177a 4500 | ||
|---|---|---|---|
| 999 |
_c20494 _d20494 |
||
| 003 | AR-CdUCM | ||
| 008 | 190530b ||||| |||| 00| 0 spa d | ||
| 040 |
_aMUNICIPALIDAD PROVINCIAL DEL CUSCO _cBIBLIOTECA MUNICIPAL DEL CUSCO |
||
| 082 |
_a517.38 / _bH37 |
||
| 100 |
_aHelfgott, Michel _942840 |
||
| 245 | _aIntroducción a las ecuaciones diferenciales / | ||
| 260 |
_aLima : _bAmaru, _c1982. |
||
| 300 |
_a4447 páginas ; _c25 cm. |
||
| 505 | _aContenido : Ecuaciones diferenciales lineales de primer orden -- Ecuaciones diferenciales en variables separables... | ||
| 650 |
_aEcuaciones diferenciales _921061 |
||
| 650 |
_aLey de newton _937206 |
||
| 650 |
_aCinética _918809 |
||
| 700 |
_aVera, Edgar _942841 |
||
| 942 |
_2ddc _cLIBROS |
||
| 945 | _arcc | ||